书目信息 |
| 题名: |
平板仪
|
|
| 作者: | 叶世鸣 , 张则训 编 | |
| 分册: | ||
| 出版信息: | 北京 机械工业出版社 1981 |
|
| 页数: | 138页 | |
| 开本: | 19cm | |
| 丛书名: | ||
| 单 册: | ||
| 中图分类: | TH761.4 | |
| 科图分类: | ||
| 主题词: | 平板仪 | |
| 电子资源: | ||
| ISBN: | ||
| 000 | 00620nam0 2200241 45 | |
| 001 | 0181004026 | |
| 005 | 20060814111234.35 | |
| 010 | @dCNY0.48 | |
| 091 | @a15033.5166 | |
| 100 | @a19950306d1981 em y0chiy0121 ea | |
| 101 | 0 | @achi |
| 102 | @aCN@b110000 | |
| 105 | @ay z 000yy | |
| 200 | 10 | @a平板仪@Aping ban yi@f叶世鸣, 张则训编 |
| 210 | @a北京@c机械工业出版社@d1981 | |
| 215 | @a138页@d19cm | |
| 606 | @a平板仪 | |
| 690 | @aTH761.4@v3 | |
| 701 | 0 | @a叶世鸣@Aye shi ming@4编 |
| 701 | 0 | @a张则训@Azhang ze xun@4编 |
| 801 | 0 | @aCN@bTSSF@c20060814 |
| 801 | 2 | @aCN@bNLC@c20060731 |
| 905 | @a10447@dTH761.4@e38 | |
| 平板仪/叶世鸣, 张则训编.-北京:机械工业出版社,1981 |
| 138页;19cm |
| ISBN :CNY0.48 |
| ● |
| 相关链接 |
|
|
|
|
正题名:平板仪
索取号:TH761.4/38
 
预约/预借
| 序号 | 登录号 | 条形码 | 馆藏地/架位号 | 状态 | 备注 |
| 1 | 0439081 | 204390818 | 密集书库/ [索取号:TH761.4/38] | 在馆 | |
| 2 | 0458163 | 204581639 | 密集书库/ [索取号:TH761.4/38] | 在馆 |